| 000 | 00753nam a22002057a 4500 | ||
|---|---|---|---|
| 003 | OSt | ||
| 005 | 20260317022945.0 | ||
| 008 | 260317b |||||||| |||| 00| 0 eng d | ||
| 020 | _a 978-1-84616-187-2 | ||
| 040 |
_aDWCL GS lib _cOC |
||
| 100 | _aWILLIAM SHAKESPEARE | ||
| 245 |
_a As you like it: a shakespeare story _cWILLIAM SHAKESPEARE |
||
| 260 |
_aLondon _bOrchard Books _c2007 |
||
| 300 |
_avii, 63 pages _c18cm. |
||
| 520 | _aAs You Like It is a Shakespearean comedy following Rosalind, who flees persecution in her uncle's court disguised as a man, "Ganymede," into the Forest of Arden. | ||
| 546 | _aEnglish | ||
| 650 | _2pastoral romance | ||
| 650 | _2themes of love, gender, sexuality, and injustice. | ||
| 942 |
_2ddc _cFIC. _hFic. _n0 |
||
| 999 |
_c9200 _d9200 |
||